[Event "California State-ch"]
[Site "San Jose"]
[Date "2006.05.20"]
[Round "2"]
[White "Chinchwadkar, Ojas"]
[Black "Iyer, Shankar"]
[Result "1-0"]
[WhiteElo "1292"]
[BlackElo "953"]
[PlyCount "79"]
[EventDate "2006.04.20"]
[EventType "swiss"]
[EventRounds "6"]
[EventCountry "USA"]
[SourceTitle "EXT 2009"]
[Source "ChessBase"]
[SourceDate "2008.11.26"]
[SourceVersion "1"]
[SourceVersionDate "2008.11.26"]
[SourceQuality "1"]

1. e4 c5 2. b4 b6 3. Nf3 Nc6 4. bxc5 bxc5 5. Bc4 e6 6. 0-0 d6 7. c3 Nf6 8. Qe2 Be7 9. d4 d5 10. Bd3 dxe4 11. Bxe4 Nxe4 12. Qxe4 Qd7 13. Be3 cxd4 14. cxd4 0-0 15. Nbd2 Ba6 16. Rfc1 Nb4 17. Rc3 Rac8 18. Rb3 Nc2 19. Rab1 Qa4 20. Qg4 Nxe3 21. Rxe3 Qxa2 22. Ree1 Qa3 23. Ra1 Qd6 24. Ne4 Qb6 25. h3 Bb7 26. Ne5 Bxe4 27. Qxe4 Bf6 28. Nd7 Qd6 29. Nxf8 Qxf8 30. Rxa7 Rd8 31. Rd1 Qb4 32. Ra2 h6 33. Kh2 g6 34. Rad2 Bg5 35. Rd3 Qd6+ 36. Qe5 Qxe5+ 37. dxe5 Rxd3 38. Rxd3 Be7 39. g3 Kg7 40. Kg2 1-0